Majority Continental Countries - Statistics

General Stats
  • This quiz has been taken 22 times
  • The average score is 28 of 33
Answer Stats
Answer % Correct
Russia
100%
Austria
93%
Belarus
93%
Canada
93%
Estonia
93%
Finland
93%
Germany
93%
Latvia
93%
Lithuania
93%
Norway
93%
Sweden
93%
Ukraine
93%
Armenia
87%
Bulgaria
87%
Czech Republic
87%
Liechtenstein
87%
Poland
87%
Slovakia
87%
Switzerland
87%
Croatia
80%
Georgia
80%
Hungary
80%
Romania
80%
Serbia
80%
Slovenia
80%
Bosnia and Herzegovina
73%
Japan
73%
Kosovo
73%
North Korea
73%
North Macedonia
73%
Moldova
67%
South Korea
67%
Andorra
60%
No matching quizzes found
Score Distribution
Percent of People with Each Score
Percentile by Number Answered
Your Score History
You have not taken this quiz